000 00331nam a22001451a 4500
082 _aM3
_bRAV/S
100 _aRavi
245 _aSthalajalabhramam/
_cby Ravi
260 _aThirunavaya:
_bTao Books,
_c2002.
300 _a231p.
650 _aNovel Malayalam
650 _aLiterature Malayalam
650 _aLiterature
942 _cBK
999 _c44167
_d44167